000 01583cam a22004694i 4500
003 PE-LiUPU
005 20250731173435.0
008 150616s r 000 0 d
020 _a0802880266
035 _a(Sirsi) i9780802880260
040 _aPE-LiUPU
_bspa
_cPE-LiUPU
_erda
049 _aPRUA
082 0 4 _a284.2
_bC18
_221
100 1 _aCalvin, John,
_eautor.
245 1 0 _aInstitute of the christian religion /
_cJohn Calvin.
264 1 _aMichigan :
_bWM. B. Eerdmans Publishung Company,
_c1983.
300 _a704 páginas ;
_c21 centímetros
336 _atext
_2rdacontent
337 _aunmediated
_2rdamedia
338 _avolume
_2rdacarrier
504 _aNota Bibliografica.
505 0 _aBook third - continued -- Book fourth. Op the Catholic Church, the argument -- One hundred aphorisms.
526 _aSEG42
526 _aSEG41
526 _aSEG40
526 _aSEG39
526 _aP94
526 _aP87
526 _aP86
526 _aP85
526 _aP77
526 _aP76
526 _aP35
600 1 _aCalvino, Juan,
_d1509-1564.
_qCalvin, Jean
_xObras
910 _ajck
_bjvq
_cjck
942 _2ddc
_cBOOK
949 _a284.2 C18
_wDEWEY
_c1
_i10766
_lCCODEBUL1
_mBUL
_r0
_sY
_tBOOK
_u2015-6-16
_xTEOLOGIA
_zUNKNOWN
_0COMPRA
_o.STAFF. Colección General
994 _aC0
_bPEPRU
596 _a1
999 _a284.2 C18
_wDEWEY
_c56512
_i10766
_f2021-11-11
_g5
_lCCODEBUL1
_mBUL
_r0
_sY
_tBOOK
_u2015-6-16
_xTEOLOGIA
_zUNKNOWN
_0COMPRA
_o.STAFF. Colección General
_d56512
980 _81
_gALBERTO SANCHEZ Responsable de Automatización